| 000 | 01890nam a2200205 a 4500 | ||
|---|---|---|---|
| 008 | 180514s2015 ag |||gr|||| 000 1 spa d | ||
| 020 | _a9789501526271 | ||
| 041 | _aspa | ||
| 092 |
_c808 _l46 _sKOV |
||
| 100 | 1 |
_aKovacic, Fabián _94109 |
|
| 245 |
_aGaleano. _bLa biografia / _cFabián Kovacic |
||
| 250 | _a2a ed. | ||
| 260 |
_aBuenos Aires: _bJavier Vergara editor; _c2015. |
||
| 300 |
_a368 p. _c23x15 cm. |
||
| 500 | _aKovacic, F. (2015). Galeano. La biografía. (2a ed.). Buenos Aires : Javier Vergara editor. | ||
| 505 | _aAsí se define Eduardo Galeano, y así eligen definirlo también las páginas de este libro. Cazar palabras como un modo de perpetuarse en los demás y también de retener en su vida las cosas y las personas más amadas. Para Fabián Kovacic, periodista y autor de esta vigorosa semblanza de Eduardo Galeano, ha sido un medio y fin. El fin es relatar la vida y la obra de una de las figuras más destacadas de la literatura latinoamericana, y a la vez es un medio porque su relato sirve para pintar otros paisajes: el del Uruguay de comienzos del siglo XX, que se despertaba por entonces al mundo en ebullición que había dejado la Segunda Guerra Mundial; los dramáticos cambios políticos y sociales en Latinoamérica a partir de la Revolución Cubana. Así, junto con Galeano, crece también, evoluciona y se explica ante los ojos del lector la vida cultural, política y económica del "país de la serena calma y los recuerdos amables". En un constante intercambio entre fondo y foco, alternan aquí Galeano y la historia América Latina, una dando forma siempre a la otra. Un juego de cajas chinas de donde emerge la figura de un hombre político, de un periodista, de un escritor que ha entramado como pocos el transcurrir de una vida con la historia grande. | ||
| 590 | _aDonación febrero 2020 | ||
| 655 |
_aLiteratura _92917 |
||
| 942 |
_2ddc _cLIT |
||
| 999 |
_c3063 _d3063 |
||